000 00756nam a2200253Ia 4500
003 OSt
005 20220925212431.0
006 a|||||r|||| 00| 0
007 ta
008 220923b |||||||| |||| 00| 0 eng d
037 _cGeneral Book
040 _aRTL
_cRTL
_beng
041 _2eng
_aeng
082 _aW81.41.N7, L1
100 _aBennett Gordon A
_9276794
245 0 _aRed guard
_b The political biography of Dai Hsiao-Ai
260 _aLondon
_bAllen & Unwin
_c1971
300 _axx, 267p
_ccm.
500 _aBibliography: P 255-56
650 _aRevolution
_9230303
700 _a Montaperto Ronald N
_9276795
942 _hW81.41.N7, L1
_cGB
_2CC
999 _c560330
_d560330